| 000 | 00668nam a22001937a 4500 | ||
|---|---|---|---|
| 999 |
_c6447 _d6447 |
||
| 003 | AR-CdUCM | ||
| 008 | 190315b ||||| |||| 00| 0 spa d | ||
| 040 |
_aMUNICIPALIDAD PROVINCIAL DEL CUSCO _cBIBLIOTECA MUNICIPAL DEL CUSCO |
||
| 082 |
_a808.81 / _bC93 |
||
| 245 | _aCuadernillos de poesía colombiana / | ||
| 300 | _c24.5 cm. | ||
| 500 | _aLibro de compilaciones de poesia colombiana. Sin tapa e información como editorial, año y lugar donde se publico. | ||
| 650 |
_aPoesias colombianas _918288 |
||
| 700 |
_aBarba Jacob, Porfirio _918289 |
||
| 700 |
_aMaya, Rafael _918290 |
||
| 700 |
_aPardo García, Germán _918291 |
||
| 942 |
_2ddc _cLIBROS |
||
| 945 | _aafb | ||